Les 50 personnalités préférées des français - Statistiques

Statistiques générales
  • Ce quiz a été pris 536 fois
  • Le résultat moyen est 33 sur 50
Statistiques - réponses
Classement Indices Nom des personnalités % Correct
1 Chanteur / Compositeur - "Envole-moi" Jean-Jacques Goldman
89%
4 Acteur / Comédien - Intouchables ; L'appel de la forêt Omar Sy
89%
12 Acteur - Oscar de cinéma - Brice de Nice Jean Dujardin
88%
16 Footballeur - 1998 - Ballon D'OR Zinédine Zidane
87%
6 Chanteur - "Jsuis en feu, Jsuis chaud, Jsuis chaud" Soprano
86%
22 Footballeur - 2018 - Tortue Ninja Kylian Mbappé
85%
2 Chanteur / Cancer / The Voice - Savoir aimer ; Un jour une femme Florent Pagny
83%
10 Chef de cuisine - "C'est qui le patron" Philippe Etchebest
82%
20 Chanteur / Alcool - Les mistrals gagnants Renaud
81%
17 Judoka - Médaille d'OR Teddy Riner
81%
27 Présentateur - Recherche appartement ou maison Stéphane Plaza
80%
3 Station Spatiale Thomas Pesquet
80%
19 Actrice / Comédienne - Un garçon, une fille Alexandra Lamy
79%
26 Footballeur - 2018 - Atlético Madrid Antoine Griezmann
79%
39 Chanteuse / Actrice - La famille bélier ; Je vol Louane
79%
13 Chanteur / Compositeur - Le Connemara Michel Sardou
79%
5 Chanteur - "Mais t'es où, pas là" Vianney
79%
9 Acteur - Radin ; Bienvenue chez les chtits Dany Boon
78%
8 Slam / Duo avec Louanne - Camille Lelouche Grand Corps Malade
74%
30 Homme Politique / RN Jordan Bardella
74%
18 Présentatrice Tv - L'amour est dans le pré Karine LeMarchand
73%
23 Chanteur - Paris-Seychelles ; Coco Câline Julien Doré
72%
14 Chef de cuisine - Le meilleur pâtissier (émission) Cyril Lignac
71%
37 Présentateur / Comédien - Les douze coups de midi Jean-Luc Reichmann
71%
31 Chanteuse / Compositrice / Rousse - "Sans contrefaçon je suis un garçon" Mylène Farmer
70%
43 Chanteuse / Actrice / Jonny Depp - Joe le Taxi Vanessa Paradis
70%
11 Acteur - Les Visiteurs / Léon Jean Reno
68%
38 Rugbyman - Meilleur joueur actuel Antoine Dupont
67%
36 Acteur / Comédien - "Alors on n'attend pas Patrick" Franck Dubosc
67%
47 Actrice / Comédienne / Naine / Les enfoirés Mimie Mathy
67%
21 Présentateur Tv - Burger Quizz Alain Chabat
66%
28 Présentateur / Historien / Voix douce Stéphane Bern
66%
7 Chanteur - "Je t'aimais, Je t'aime, et je t'aimerais" Francis Cabrel
64%
15 Actrice - La Boum Sophie Marceau
64%
40 Acteur / Comédien - Les visiteurs ; Les bronzés... Christian Clavier
63%
48 Footballeur - 2018 - N°9 Olivier Giroud
61%
24 Actrice / Comédienne / Belge / Blonde - 20 ans d'écart Virginie Efira
61%
41 Chanteuse / Les enfoirés - Comment on fait ; Zen ; Un point c'est toi Zazie
59%
42 Chanteuse / Gagnante Star Académy 2002 - "J'entends le loup, le renard et la belette" Nolwenn Leroy
58%
29 Chanteur / Compositeur - Foule sentimentale Alain Souchon
54%
35 Actrice / Comédienne / Rousse - HPI ; Intouchables Audrey Fleurot
51%
25 Acteur / Enfoirés - Les choristes ; Le petit Nicolas Kad Merad
49%
34 Actrice / Comédienne / Humoriste / Initiale F.F - La Flamme Florence Foresti
46%
50 Actrice / Comédienne - Taxi ; Inception Marion Cotillard
43%
33 Acteur / Comédien / Humoriste international - Coco ; Pattaya Gad Elmaleh
39%
32 Actrice / Humoriste / Les enfoirés - Aline ; Le petit Nicolas Valérie Lemercier
37%
46 Présentatrice / Météo / TF1 Évelyne Dhéliat
32%
45 Actrice / Comédienne - Les bronzés Josiane Balasko
31%
49 Présentatrice / Journaliste - Ça commence aujourd'hui Faustine Bollaert
28%
44 Chanteuse / Actrice - Tous les garçons et les filles Françoise Hardy
21%
Aucun quiz correspondant
Distribution des résultats
% des personnes avec chaque résultat
Percentile par nombre de réponses
Votre historique - résultats
Vous n’avez pas pris ce quiz